Politics vs Economics in World Steel Trade : World industry studies

保存先:
書誌詳細
第一著者: Jones, Kent
フォーマット: 図書
言語:Undetermined
出版事項: Lodon Allen 1986
主題:
タグ: タグ追加
タグなし, このレコードへの初めてのタグを付けませんか!
Thư viện lưu trữ: Trung tâm Học liệu Trường Đại học Cần Thơ
LEADER 00513nam a2200193Ia 4500
001 CTU_85939
008 210402s9999 xx 000 0 und d
082 |a 382 
082 |b J76 
100 |a Jones, Kent 
245 0 |a Politics vs Economics in World Steel Trade : 
245 0 |b World industry studies 
245 0 |c Kent Jones 
260 |a Lodon 
260 |b Allen 
260 |c 1986 
650 |a Goverment,Steel industry,Trade 
904 |i Năm 
980 |a Trung tâm Học liệu Trường Đại học Cần Thơ